| 000 | 00728nam a2200265 a 4500 | ||
|---|---|---|---|
| 001 | 61366 | ||
| 003 | BD-RjUL | ||
| 005 | 20211209080943.0 | ||
| 008 | 170117s1971 enk 001 0 eng d | ||
| 020 | _z851420338 | ||
| 020 | _a0851420338 | ||
| 035 | _a(BD-RjUL)61490 | ||
| 040 |
_aBD-RjUL _beng _cBD-RjUL |
||
| 041 | _aeng | ||
| 082 |
_a026.5 _bHAI 1971 |
||
| 100 | 1 |
_aHanson, C. W. _9182986 |
|
| 245 | 1 | 0 |
_aIntroduction to science-information work / _cC. W. Hanson |
| 260 |
_aLondon : _bAslib, _cc1971 |
||
| 300 |
_a199 p. : _bill. ; _c23 cm |
||
| 500 | _aIncludes index | ||
| 650 | 0 |
_aCommunication in science. _9182987 |
|
| 650 | 0 |
_aDocumentation _9182988 |
|
| 650 | 0 |
_aInformation science _9171049 |
|
| 942 |
_2ddc _cBK |
||
| 999 |
_c61366 _d61366 |
||